Κοστολόγηση / Κόστος, Κοστολόγηση, Λογική της Κοστολόγησης. (Record no. 3818)
[ view plain ]
| 000 -LEADER | |
|---|---|
| fixed length control field | 01908cam a22002054a 4500 |
| 005 - ΗΜΕΡΟΜΗΝΙΑ ΚΑΙ ΩΡΑ ΤΕΛΕΥΤΑΙΑΣ ΕΝΗΜΕΡΩΣΗΣ | |
| Πεδίο ελέγχου | 20250605164126.0 |
| 008 - FIXED-LENGTH DATA ELEMENTS--GENERAL INFORMATION | |
| Πεδίο ελέγχου σταθερού μήκους | 250528s ||||||||||||||||||||||||d |
| 035 ## - SYSTEM CONTROL NUMBER | |
| System control number | 18457 |
| 020 ## - ISBN | |
| ISBN | 9603512370 |
| 040 ## - ΠΗΓΗ ΚΑΤΑΛΟΓΟΓΡΑΦΗΣΗΣ | |
| Φορέας πρωτότυπης καταλογογράφησης | MC Athens Campus Library |
| Γλώσσα καταλογογράφησης | Ελληνικά, Μοντέρνα (1453-) |
| Modifying agency | MC Athens Campus Library |
| Κανόνες περιγραφικής καταλογογράφησης | AACR2 |
| 245 1# - ΤΙΤΛΟΣ ΚΑΙ ΔΗΛΩΣΗ ΥΠΕΥΘΥΝΟΤΗΤΑΣ | |
| Τίτλος | Κοστολόγηση / Κόστος, Κοστολόγηση, Λογική της Κοστολόγησης. |
| Number of part/section of a work | Τόμος Ι |
| 260 ## - PUBLICATION, DISTRIBUTION, ETC. | |
| Name of publisher, distributor, etc. | Σταμούλης Α, |
| Date of publication, distribution, etc. | 1999 |
| 300 ## - PHYSICAL DESCRIPTION | |
| Extent | 304 |
| 505 0# - FORMATTED CONTENTS NOTE | |
| Formatted contents note | Πρόλογος, Η Επιχείρηση, Η Οικονομική Αρχή, Το Κόστος, Τα Χαρακτηριστικά του Κόστους, Η Έννοια του Κόστους, Ο Ρόλος του Κόστους, Το ''Λειτουργικό Κόστος'', Οι Συνιστώσες του Κόστους, Οι ''Συντελεστές του Κόστους'' - Προσδιορισμοί, Η Απόκτηση των Συντελεστών - Η Έννοια του Εξόδου, Η Ανάλωση των Συντελεστών - Η Έννοια της Δαπάνης, Οι ''Φορείς του Κόστους'', Η Μεταβίβαση του Προϊόντος - Η Έννοια του Εσόδου, Η Μορφολογία του Κόστους, Η Θέση του Κόστους μέσα στο Σύστημα του Επιχειρηματικού Λογισμού, Τα Είδη του Κόστους, Τα Επίπεδα του Κόστους, Ερωτήσεις. |
| 520 ## - SUMMARY, ETC. | |
| Summary, etc. | Κόστος - Εννοιολογική ανάλυση του Φαινομένου, Κοστολόγηση - Μεθοδική ανάλυση της Διαδικασίας, Λογική της Κοστολόγησης - Ανάπτυξη και Εφαρμογή της Αναλυτικής Λογιστικής του Ε.Γ.Λ.Σ. |
| 700 1# - ΠΡΟΣΘΕΤΗ ΑΝΑΓΡΑΦΗ--ΦΥΣΙΚΟ ΠΡΟΣΩΠΟ | |
| Personal name | Πομόνης Νικόλαος Σ |
| 9 (RLIN) | 4719 |
| 942 ## - ADDED ENTRY ELEMENTS (KOHA) | |
| Koha item type | Books |
| Τύπος τεκμηρίου | Βιβλιοθήκη | Τρέχουσα τοποθεσία | Barcode | Αριθμός εισαγωγής | Ημερομηνία απόκτησης | Ταξιθετικό σύμβολο | Αριθμός αντιτύπου | Κατάσταση απόσυρσης | Κατάσταση χαμένου | Κατάσταση κατεστραμμένου | Μη δανεισμός | Σύνολο δανεισμών | Ημερομηνία τελευταίας εμφάνισης | Η τιμή ισχύει από |
|---|---|---|---|---|---|---|---|---|---|---|---|---|---|---|
| Books | MC Athens Campus Library | MC Athens Campus Library | 9780000038173 | 3148 | 05/06/2025 | 657.42 POM | 1 | 05/06/2025 | 05/06/2025 |